| 000 | 00392nam a2200145Ia 4500 | ||
|---|---|---|---|
| 008 | 230917s9999||||xx |||||||||||||| ||und|| | ||
| 040 |
_e128884 _aMAIN |
||
| 041 | _aEnglish | ||
| 082 | _a342.5409 M687C | ||
| 100 | _aMishra, Shree Govind | ||
| 245 | 0 | _aConstitutional development and national movement in India 919-47 | |
| 260 |
_aPatna _bJanaki _c1978 |
||
| 300 | _a400p. p. | ||
| 942 | _cBK | ||
| 999 |
_c183954 _d183954 |
||